|
|
|
|
| LEADER |
01273nam a22002537a 4500 |
| 001 |
37784 |
| 003 |
BD-DhAAL |
| 008 |
220222r20052003bg ||||| b||| 00| 0 ben d |
| 999 |
|
|
|c 43550
|d 43550
|
| 020 |
|
|
|a 9848622004
|
| 040 |
|
|
|a BD-DhAAL
|
| 082 |
|
|
|a 370.95492
|2 23
|
| 100 |
|
|
|a ফারুক, মোঃ শিবলী আল
|9 45958
|
| 245 |
|
|
|a শিক্ষা প্রশাসন ও ব্যবস্থাপনা /
|c মোঃ শিবলী আল ফারুক
|
| 250 |
|
|
|a প্রথম প্রকাশ
|
| 260 |
|
|
|a ঢাকা :
|b স্মৃতি প্রকাশনী,
|c ২০০৩ [দ্বিতীয় সংস্করণ ২০০৫].
|
| 300 |
|
|
|a ৩০৪ পৃষ্ঠা ;
|c ২২ সে.মি.
|
| 504 |
|
|
|a গ্রন্থপঞ্জীগত নির্দেশিকা অন্তর্ভুক্ত।
|
| 526 |
|
|
|a BIED
|
| 541 |
|
|
|a Complimentary copy from BIED
|e 37784
|
| 650 |
|
|
|a Education
|z Bangladesh.
|9 45959
|
| 852 |
|
|
|a Ayesha Abed Library
|c BIED Collection
|
| 942 |
|
|
|2 ddc
|c BK
|
| 952 |
|
|
|0 0
|1 0
|2 ddc
|4 0
|6 370_954920000000000_FAR
|7 0
|9 69852
|a BRACUL
|b BRACUL
|c GEN
|d 2022-02-22
|e Complimentary copy from BIED
|l 0
|o 370.95492 FAR
|p 3010037784
|r 2022-02-22
|t 1
|w 2022-02-22
|y BK
|x Transferred from BIED to General Stacks
|